Sadaat-ul-darain fe salaat ala syed ul konain (Record no. 584040)

000 -LEADER
fixed length control field 00524nam a22001817a 4500
003 - CONTROL NUMBER IDENTIFIER
control field CEME
005 - DATE AND TIME OF LATEST TRANSACTION
control field 20210628210323.0
008 - FIXED-LENGTH DATA ELEMENTS--GENERAL INFORMATION
fixed length control field 210201b xxu||||| |||| 00| 0 eng d
040 ## - CATALOGING SOURCE
Transcribing agency .
082 ## - DEWEY DECIMAL CLASSIFICATION NUMBER
Classification number 297.63 MUH
100 ## - MAIN ENTRY--PERSONAL NAME
Personal name Muhammad Yousaf Bin Ismail. Allama
9 (RLIN) 78967
245 ## - TITLE STATEMENT
Title Sadaat-ul-darain fe salaat ala syed ul konain
260 ## - PUBLICATION, DISTRIBUTION, ETC.
Place of publication, distribution, etc. LAHORE
Name of publisher, distributor, etc. ZIA UL QURAN PUBLICATION
Date of publication, distribution, etc. 1999
300 ## - PHYSICAL DESCRIPTION
Extent 2VOLS
650 ## - SUBJECT ADDED ENTRY--TOPICAL TERM
Topical term or geographic name entry element ISLAM-FAZAYEL DAROOD-E-PAK
9 (RLIN) 78968
700 ## - ADDED ENTRY--PERSONAL NAME
Personal name Abdul Qayyum Khan. Allama
9 (RLIN) 78969
942 ## - ADDED ENTRY ELEMENTS (KOHA)
Koha item type Book
Koha issues (borrowed), all copies 1
Source of classification or shelving scheme
Holdings
Withdrawn status Lost status Damaged status Not for loan Permanent Location Current Location Shelving location Date acquired Total Checkouts Full call number Barcode Date last seen Price effective from Koha item type
        College of Electrical & Mechanical Engineering (CEME) College of Electrical & Mechanical Engineering (CEME) General Stacks 03/03/2017 1 297.63 MUH CEME-39800 06/28/2021 06/28/2021 Book
        College of Electrical & Mechanical Engineering (CEME) College of Electrical & Mechanical Engineering (CEME) General Stacks 03/03/2017   297.63 MUH CEME-39801 06/28/2021 06/28/2021 Book
© 2023 Central Library, National University of Sciences and Technology. All Rights Reserved.